1996 1592 1110 1743 1388 1088 1247 1216 1422 1868 1689 1285 1984 1940 1420 1265 1350 1557 1765 1799 1621 1122 1952 1389 1701 1517 1916 1547 1478 1724 1167 1313 1846 1979 1169 1764 1665 1658 1225 1991 1305 1314 1309 1119 1347 1686 1832 1032 1869 1287 1789 1828 1937 1069 1533 1087 1567 1058 1263 1664 1021 1125 1348 1529 1169 1254 1867 1411 1568 1965 1541 1940 1454 1985 1176 1327 1998 1049 1611 1563 1395 1738 1899 1064 1630 1568 1081 1280 1505 1252 1914 1879 1032 1257 1507 1423 1637 1164 1310 BCNSPRNW ULIB Ver.6.0+V

เปลี่ยนเป็นภาษาไทย

Change to English
 แสดงรายละเอียดบรรณานุกรม
  กลับหน้าหลัก

Brief Record : Get Marc (ISO 2709) : E-mail record : QR code < ปิดหน้าต่าง
LEADER : 00000nas 2200000uu 4500
001    13399114426
003     ULIB
008    020711s|||| th a 000 0 tha d
022    ^a08591083
110    ^aสำนักงานป้องกันควบคุมโรคที่ 5 จังหวัดนครราชสีมา
245    ^aวารสารวิชาการสำนักงานป้องกันควบคุมโรคที่ 5 จังหวัดนครราชสีมา /^cสำนักงานป้องกันควบคุมโรคที่ 5 จังหวัดนครราชสีมา
260    ^aนครราชสีมา :^bสำนักงานป้องกันควบคุมโรคที่ 5 จังหวัดนครราชสีมา,^cม.ป.ป.
310    ^aรายสี่เดือน
850 ^a ULIB^bฉบับที่ 1 ปีที่ 18 ;ฉบับที่ 1 ปีที่ 19 ;ฉบับที่ 2 ปีที่ 19
850 ^a ULIB:campus^bฉบับที่ 3 ปีที่ 18 ;ฉบับที่ 2 ปีที่ 18
945    ^p0^l0^i900261
945    ^p0^l0^i800330
945    ^p0^l0^i800328
945    ^p0^l0^i901160
945    ^p0^l0^i901575
รายการนี้ยังไม่มีแท็ก
คุณยังไม่ได้ล็อกอิน คุณสามารถมีกิจกรรมร่วมกับเว็บไซต์ได้ แต่ต้องล็อกอินก่อน ::
  ล็อกอิน

รายการสื่อสารสนเทศ (วารสาร)

ดูแบบ: กล่อง รายการ
ARRIVED
ฉบับที่ 1 ปีที่ 18
สถานที่: ห้องสมุดวิทยาเขตสวรรค์ประชารักษ์ >วารสาร
ARRIVED
ฉบับที่ 2 ปีที่ 18
สถานที่: ห้องสมุดวิทยาเขตสวรรค์ประชารักษ์ >วารสาร
ARRIVED
ฉบับที่ 3 ปีที่ 18
สถานที่: ห้องสมุดวิทยาเขตสวรรค์ประชารักษ์ >วารสาร
ARRIVED
ฉบับที่ 1 ปีที่ 19
สถานที่: ห้องสมุดวิทยาเขตสวรรค์ประชารักษ์ >วารสาร
ARRIVED
ฉบับที่ 2 ปีที่ 19
สถานที่: ห้องสมุดวิทยาเขตสวรรค์ประชารักษ์ >วารสาร
รายการใกล้เคียง
    ผู้แต่ง []

BibComment


ยังไม่เคยถูกคอมเมนท์

คอมเมนท์ทรัพยากรรายการนี้
  คอมเมนท์: วารสารวิชาการสำน..


 Copyright 2026. Bcnsprnw @Library